| 000 | 00527nam a2200181Ia 4500 | ||
|---|---|---|---|
| 001 | 25160 | ||
| 005 | 20260414151131.0 | ||
| 008 | 260414t2008||||xx |||||||||||||| ||spa|| | ||
| 041 | _aESP | ||
| 082 |
_a346.245 _bS72 |
||
| 100 |
_aSouto Paz, José Antonio (coord.) _eAUT |
||
| 245 | 0 |
_aEl nuevo régimen legal del matrimonio civil en España : _bestudios en honor del Profesor Víctor Reina Bernáldez |
|
| 260 | _c2008 | ||
| 300 |
_a252 páginas : _c24 cm. |
||
| 650 | _aDER | ||
| 654 | _aCDE | ||
| 942 |
_cLIB _dJUS _fJUS _2ddc _n |
||
| 999 |
_c25160 _d25160 |
||